000 00611nam a22002177a 4500
001 000337
003 DO-SdBNP
005 20160629105553.0
007 000337
008 160629b xxu||||| |||| 00| 0 spa d
020 _a0439387868
040 _aBPMSU
_bspa
_cBPMSU
092 _axxxxx
_bxxxxx
100 1 _aDahl, Roald,
_d1916-1990.
245 1 0 _aThe BFG /
_cRoald Dahl ; illustrations by Quentin Blake.
260 _aNew York :
_bScholastic,
_c1982.
300 _a207 p. :
_bil. ;
_c18 cm.
700 1 2 _aBlake, Quentin,
_d1932-,
_eil.
942 _2ddc
_cBK
956 _2LOPEREZ
_310
_620160629
_8BPMSU
_a00041
999 _c10628
_d10628